Welcome to CU Library Online Public Access Catalogue (OPAC)

Statistics : (Record no. 4943)

MARC details
000 -LEADER
fixed length control field 01254cam a22003254a 4500
001 - CONTROL NUMBER
control field 12338862
003 - CONTROL NUMBER IDENTIFIER
control field OSt
005 - DATE AND TIME OF LATEST TRANSACTION
control field 20250319112600.0
008 - FIXED-LENGTH DATA ELEMENTS--GENERAL INFORMATION
fixed length control field 010308s2002 caua 001 0 eng
010 ## - LIBRARY OF CONGRESS CONTROL NUMBER
LC control number 2001017976
020 ## - INTERNATIONAL STANDARD BOOK NUMBER
International Standard Book Number 0534557856
040 ## - CATALOGING SOURCE
Original cataloging agency DLC
Transcribing agency DLC
Modifying agency DLC
042 ## - AUTHENTICATION CODE
Authentication code pcc
050 00 - LIBRARY OF CONGRESS CALL NUMBER
Classification number HA29
Item number .H39 2002
082 00 - DEWEY DECIMAL CLASSIFICATION NUMBER
Classification number 519.5
Edition information 21
100 1# - MAIN ENTRY--PERSONAL NAME
Personal name Healey, Joseph F.,
Dates associated with a name 1945-
245 10 - TITLE STATEMENT
Title Statistics :
Remainder of title a tool for social research /
Statement of responsibility, etc. Joseph F. Healey.
250 ## - EDITION STATEMENT
Edition statement 6th ed.
260 ## - PUBLICATION, DISTRIBUTION, ETC.
Place of publication, distribution, etc. Belmont, CA :
Name of publisher, distributor, etc. Wadsworth, Thomson Learning,
Date of publication, distribution, etc. c2002.
300 ## - PHYSICAL DESCRIPTION
Extent xxi, 521 p. :
Other physical details ill. ;
Dimensions 24 cm.
500 ## - GENERAL NOTE
General note Includes index.
650 #0 - SUBJECT ADDED ENTRY--TOPICAL TERM
Topical term or geographic name entry element Social sciences
General subdivision Statistical methods.
650 #0 - SUBJECT ADDED ENTRY--TOPICAL TERM
Topical term or geographic name entry element Statistics.
856 42 - ELECTRONIC LOCATION AND ACCESS
Materials specified Contributor biographical information
Uniform Resource Identifier <a href="http://www.loc.gov/catdir/enhancements/fy1515/2001017976-b.html">http://www.loc.gov/catdir/enhancements/fy1515/2001017976-b.html</a>
856 42 - ELECTRONIC LOCATION AND ACCESS
Materials specified Publisher description
Uniform Resource Identifier <a href="http://www.loc.gov/catdir/enhancements/fy1515/2001017976-d.html">http://www.loc.gov/catdir/enhancements/fy1515/2001017976-d.html</a>
856 41 - ELECTRONIC LOCATION AND ACCESS
Materials specified Table of contents only
Uniform Resource Identifier <a href="http://www.loc.gov/catdir/enhancements/fy1515/2001017976-t.html">http://www.loc.gov/catdir/enhancements/fy1515/2001017976-t.html</a>
906 ## - LOCAL DATA ELEMENT F, LDF (RLIN)
a 7
b cbc
c orignew
d 1
e ocip
f 20
g y-gencatlg
942 ## - ADDED ENTRY ELEMENTS (KOHA)
Source of classification or shelving scheme Library of Congress Classification
Koha item type Books
Suppress in OPAC No
Holdings
Withdrawn status Lost status Source of classification or shelving scheme Damaged status Not for loan Home library Current library Shelving location Date acquired Total checkouts Full call number Barcode Date last seen Copy number Price effective from Koha item type
    Library of Congress Classification     Graduate Library (Christ Temple) Graduate Library (Christ Temple) General stacks 03/19/2025   HA 29 HEA GSCT00000680 03/19/2025 1 03/19/2025 Books
© 2023-2024 Copyright: Central University Libraries. All Rights Reserved | Created by: Mahone Tech Office